| 000 | 00474nam a2200169 a 4500 | ||
|---|---|---|---|
| 001 | 2934 | ||
| 003 | CDMR | ||
| 005 | 20130315105339.0 | ||
| 008 | 130130s1999||||||||||||||||||||||||||||d | ||
| 020 | _a8483007096 | ||
| 040 |
_aCDMR _bcat _cCPC GIRONA |
||
| 100 | 1 |
_aGuibernau, Montserrat _92155 |
|
| 245 | 1 | 0 |
_aNacions sense estat _b: nacionalisme i diversitat en l'era global _cMontserrat Guibernau |
| 260 |
_c1999 _bColumna _aBarcelona |
||
| 490 | 0 |
_aAssaig _v21 |
|
| 942 |
_cMON _2udc |
||
| 999 |
_c2934 _d2934 |
||